| 000 | 00387nam a2200157Ia 4500 | ||
|---|---|---|---|
| 008 | 230312s9999||||xx |||||||||||||| ||und|| | ||
| 020 | _a0-13-031965-1 | ||
| 082 |
_a658 _bROB |
||
| 100 | _aRobbin Stephen P | ||
| 245 | 0 | _aManagement | |
| 260 |
_bPrenice Hall _aNew Jersey _c2002 |
||
| 300 | _a674 | ||
| 546 | _aEng. | ||
| 650 |
_aManagement _vmanagement yesterday and today |
||
| 942 | _cBK | ||
| 999 |
_c1005 _d1005 |
||